ბათუმის შოთა რუსთაველის სახელმწიფო უნივერსიტეტის ბიბლიოთეკა

ინოვაციები ბიზნესში : (ბიბ.ჩანაწერი № 64063)

000 -ლიდერი
ფიქსირებული სიგრძის საკონტროლო ველი 02552nam a22002537a 4500
003 - საკონტროლო ნომრის იდენტიფიკატორი
საკონტროლო ველი Ge_BSU
005 - ბოლო ოპერაციის თარიღი და დრო
საკონტროლო ველი 20260318160005.0
008 - ფიქსირებული სიგრძის მონაცემთა ელემენტები - ზოგადი ინფორმაცია
ფიქსირებული სიგრძის საკონტროლო ველი 260318s2010 ge ||||| |||| 00| 0 geo d
020 ## - წიგნის საერთაშორისო სტანდარტული ნომერი
International Standard Book Number 9789941129667
041 ## - ენის კოდი
Language code of text/sound track or separate title geo
080 ## - უნივერსალური ათობითი კლასიფიკაციის ინდექსი
Universal Decimal Classification number 338.22 : 005.591.6ი-66
245 ## - ცნობა სათაურის შესახებ
Title ინოვაციები ბიზნესში :
Remainder of title (პრობლემები, პერსპექტივები, გამოწვევები) : შოთა რუსთაველის სახელმწ. უნ-ტის დაარსებიდან 75-ე წლისთავისადმი მიძღვნილი საერთაშ. სამეცნ.-პრაქტ. კონფერენციის მასალები, 16-17 აპრილი, ბათუმი 2010 /
Statement of responsibility, etc საქ. განათლ. და მეცნ. სამინ., შოთა რუსთაველის სახელმწ. უნ-ტის სოც. მეცნ., ბიზნესისა და სამართალმც. ფაკ., ეკონ. პოლიტიკისა და ბიზნესის ადმინისტრირების დეპარტამენტი; [სარედ. კოლ.: რეზო მანველიძე [და სხვ.]].
264 ## - წარმოების, გამოცემის, დისტრიბუციის და სხვა ცნობები
გამოცემის, წარმოების, დისტრიბუციის... ადგილი თბ. :
გამოცემის, წარმოების, დისტრიბუციის... სახელწოდება უნივერსალი,
გამოცემის, წარმოების, დისტრიბუციის... თარიღი 2010.
300 ## - ფიზიკური აღწერა
Extent 380 გვ. :
Other physical details ცხრ. ;
Dimensions 29 სმ.
504 ## - BIBLIOGRAPHY, ETC. NOTE
Bibliography, etc ბიბლიოგრ. მოხსენებების ბოლოს.
520 ## - SUMMARY, ETC.
Summary, etc რეზ. ინგლ. და რუს.
700 ## - ADDED ENTRY--PERSONAL NAME
Personal name ჯოლია, გურამ
Relator term ავტორი
9 (RLIN) 27158
700 ## - ADDED ENTRY--PERSONAL NAME
Personal name სეხნიაშვილი, დალი
Relator term ავტორი
9 (RLIN) 13248
700 ## - ADDED ENTRY--PERSONAL NAME
Personal name შენგელია, თემურ და სხვ.
Relator term ავტორი
9 (RLIN) 27159
700 ## - ADDED ENTRY--PERSONAL NAME
Personal name მანველიძე, რეზო
Relator term რედაქტორი
9 (RLIN) 1497
700 ## - ADDED ENTRY--PERSONAL NAME
Personal name შენგელია, თემურ და სხვ.
Relator term რედაქტორი
9 (RLIN) 27159
710 ## - ADDED ENTRY--CORPORATE NAME
Corporate name or jurisdiction name as entry element საქ. განათლ. და მეცნ. სამინ., შოთა რუსთაველის სახელმწ.
Subordinate unit უნ-ტის სოც. მეცნ., ბიზნესისა და სამართალმც. ფაკ., ეკონ. პოლიტიკისა და ბიზნესის ადმინისტრირების დეპარტამენტი
9 (RLIN) 27160
942 ## - ADDED ENTRY ELEMENTS (KOHA)
Source of classification or shelving scheme
Koha item type წიგნი
ეგზემპლარები
ჩამოწერის სტატუსი დაკარგული ეგზემპლარის სტატუსი კლასიფიკაციის წყარო ან თაროზე გაწყობის სქემა დაზიანების სტატუსი არ გაიცემა მუდმივი მდებარეობა (დაცვის ადგილი) ამჟამინდელი ადგილსამყოფელი თაროზე განთავსების ადგილი შეძენის თარიღი ღირებულება, შესყიდვის ნორმალური ფასი სრული შენახვის შიფრი შტრიხკოდი ბოლო ოპერაციის თარიღი ეგზემპლარის მიმდევრობითი ნომერი (კეტერი?) ფასის ძალაში შესვლის თარიღი ეგზემპლარის სახეობა საჯარო შენიშვნა
          ბათუმის შოთა რუსთაველის სახელმწიფო უნივერსიტეტის მთავარი ბიბლიოთეკა ბათუმის შოთა რუსთაველის სახელმწიფო უნივერსიტეტის მთავარი ბიბლიოთეკა წიგნსაცავი 2026-03-18 30.00 338.22 : 005.591.6 ი-66 73985 2026-03-18 73985 2026-03-18 წიგნი 30 ლ.
          ბათუმის შოთა რუსთაველის სახელმწიფო უნივერსიტეტის მთავარი ბიბლიოთეკა ბათუმის შოთა რუსთაველის სახელმწიფო უნივერსიტეტის მთავარი ბიბლიოთეკა წიგნსაცავი 2026-04-23 30.00 338.22 : 005.591.6ი-66 74367 2026-04-23 74367 2026-04-23 წიგნი 30.00
          ბათუმის შოთა რუსთაველის სახელმწიფო უნივერსიტეტის მთავარი ბიბლიოთეკა ბათუმის შოთა რუსთაველის სახელმწიფო უნივერსიტეტის მთავარი ბიბლიოთეკა წიგნსაცავი 2026-04-23 30.00 338.22 : 005.591.6ი-66 74368 2026-04-23 74368 2026-04-23 წიგნი 30.00
          ბათუმის შოთა რუსთაველის სახელმწიფო უნივერსიტეტის მთავარი ბიბლიოთეკა ბათუმის შოთა რუსთაველის სახელმწიფო უნივერსიტეტის მთავარი ბიბლიოთეკა წიგნსაცავი 2026-04-23 30.00 338.22 : 005.591.6ი-66 74369 2026-04-23 74369 2026-04-23 წიგნი 30.00
          ბათუმის შოთა რუსთაველის სახელმწიფო უნივერსიტეტის მთავარი ბიბლიოთეკა ბათუმის შოთა რუსთაველის სახელმწიფო უნივერსიტეტის მთავარი ბიბლიოთეკა წიგნსაცავი 2026-04-23 30.00 338.22 : 005.591.6ი-66 74370 2026-04-23 74370 2026-04-23 წიგნი 30.00
          ბათუმის შოთა რუსთაველის სახელმწიფო უნივერსიტეტის მთავარი ბიბლიოთეკა ბათუმის შოთა რუსთაველის სახელმწიფო უნივერსიტეტის მთავარი ბიბლიოთეკა წიგნსაცავი 2026-04-23 30.00 338.22 : 005.591.6ი-66 74371 2026-04-23 74371 2026-04-23 წიგნი 30.00
          ბათუმის შოთა რუსთაველის სახელმწიფო უნივერსიტეტის მთავარი ბიბლიოთეკა ბათუმის შოთა რუსთაველის სახელმწიფო უნივერსიტეტის მთავარი ბიბლიოთეკა წიგნსაცავი 2026-04-23 30.00 338.22 : 005.591.6ი-66 74372 2026-04-23 74372 2026-04-23 წიგნი 30.00